ბათუმის შოთა რუსთაველის სახელმწიფო უნივერსიტეტის ბიბლიოთეკა

The Routledge Reader in Early Childhood Education (ბიბ.ჩანაწერი № 58416)

000 -LEADER
fixed length control field 01108cam a2200253 a 4500
001 - CONTROL NUMBER
control field 18774379
005 - DATE AND TIME OF LATEST TRANSACTION
control field 20220125112121.0
008 - FIXED-LENGTH DATA ELEMENTS--GENERAL INFORMATION
fixed length control field 150908s2008 enka b 001 0 eng
020 ## - INTERNATIONAL STANDARD BOOK NUMBER
International Standard Book Number 9780415451529
041 ## - LANGUAGE CODE
Language code of text/sound track or separate title eng
080 ## - UNIVERSAL DECIMAL CLASSIFICATION NUMBER
Universal Decimal Classification number 372 T-44
245 ## - TITLE STATEMENT
Title The Routledge Reader in Early Childhood Education
Statement of responsibility, etc. Edited by Elizabeth Wood.
264 ## - PRODUCTION, PUBLICATION, DISTRIBUTION, MANUFACTURE, AND COPYRIGHT NOTICE
Place of production, publication, distribution, manufacture London
Name of producer, publisher, distributor, manufacturer Routledge,
Date of production, publication, distribution, manufacture, or copyright notice 2008.
300 ## - PHYSICAL DESCRIPTION
Extent 338 pages :
Other physical details illustrations ;
Dimensions 24 cm.
653 ## - INDEX TERM--UNCONTROLLED
keyword სკოლამდელი განათლება
653 ## - INDEX TERM--UNCONTROLLED
keyword Дошкольное образование
653 ## - INDEX TERM--UNCONTROLLED
keyword პედაგოგიკა
653 ## - INDEX TERM--UNCONTROLLED
keyword Педагогика
700 1# - ADDED ENTRY--PERSONAL NAME
Personal name Wood, Elizabeth
Dates associated with a name
Relator term რედაქტორი
9 (RLIN) 13443
856 41 - ELECTRONIC LOCATION AND ACCESS
Materials specified Table of contents
Uniform Resource Identifier http://catdir.loc.gov/catdir/toc/ecip0722/2007027721.html
856 41 - ELECTRONIC LOCATION AND ACCESS
Materials specified Table of contents
Uniform Resource Identifier http://bvbr.bib-bvb.de:8991/F?func=service&doc_library=BVB01&doc_number=016248327&line_number=0001&func_code=DB_RECORDS&service_type=MEDIA
856 42 - ELECTRONIC LOCATION AND ACCESS
Materials specified Publisher description
Uniform Resource Identifier http://catdir.loc.gov/catdir/enhancements/fy0731/2007027721-d.html
942 ## - ADDED ENTRY ELEMENTS (KOHA)
Source of classification or shelving scheme
Koha item type წიგნი
ეგზემპლარები
Withdrawn status Lost status Source of classification or shelving scheme Damaged status Not for loan Permanent Location Current Location Shelving location Date acquired Cost, normal purchase price Full call number Barcode Date last seen Copy number Price effective from Koha item type Public note
          ბათუმის შოთა რუსთაველის სახელმწიფო უნივერსიტეტის მთავარი ბიბლიოთეკა ბათუმის შოთა რუსთაველის სახელმწიფო უნივერსიტეტის მთავარი ბიბლიოთეკა წიგნსაცავი 2022-01-25 93.00 372 T-44 62143 2022-01-25 62143 2022-01-25 წიგნი 93 ლ.